000 00922nam a22002297a 4500
005 20170124102934.0
010 _aB-113599
020 _c150.00
035 _aB-113599
037 _bCen Lib/Ret
040 _aDPL
_bHN
082 _a609
_bपाण्डेय
100 _aपाण्डेय, पृथ्वीनाथ
_944529
245 _aविश्व के महान अविष्कार /
_cपृथ्वीनाथ पाण्डेय
246 _aVishv ke mahan avishkar /
_bby Prathivinath Pandey
260 _aइलाहाबाद
_bसर्वेश प्रकाशन
_c2003
270 _a१, बाई का बाग
_bइलाहाबाद
_e211003
300 _a167पृ.
_c20सेमी(सजिल्द )
650 _aविज्ञान
_x
_945770
650 _aScience
_910795
942 _2ddc
_cHN
_h609
_mपाण्डेय
999 _c112109
_d112109